| 000 | 00878cab a2200277 4500 | ||
|---|---|---|---|
| 001 | WB2436-46 | ||
| 008 | 090401t1988 xxu||||| |||| 00| 0 eng d | ||
| 035 | _a(Sirsi) u18153 | ||
| 041 | _aeng | ||
| 245 | _aResidential property and the Business Expansion Scheme | ||
| 260 | _c1988 | ||
| 350 | _a0 | ||
| 490 |
_aTimes _v3/9/88 p24 |
||
| 520 | _aOutlines the tax advantages of investing in a Business Expansion Scheme , the rules of which have recently been changed to allow residential property companies to qualify. | ||
| 650 | _aASSURED TENANCIES | ||
| 650 | _aCAPITAL VENTURES | ||
| 650 | _aCHANCERY SECURITIES | ||
| 650 | _aCITY NORTH PROPERTIES | ||
| 650 | _aFIRST CAMBRIDGE ASSURED PROPERTIES | ||
| 650 | _aFIRST CAVE ASSURED TENANCY FUND | ||
| 650 | _aJOHNSON FRY | ||
| 650 | _aTAX RELIEF | ||
| 690 | _aTAXATION | ||
| 942 | _n0 | ||
| 948 | _c04/03/1997 | ||
| 999 |
_c12042 _d12042 |
||